000 00914nam a22002055i 4500
001 163596
003 ES-MaACL
005 20250823063121.0
008 020325s1860 sp |||| | spa d
040 _aCAM
_bspa
_cCAM
100 1 _aRivera, Luis,
_d1826-1872
_9131869
245 1 4 _aLos piratas
_b: zarzuela en tres actos y en verso /
_cletra de Luis Rivera ; música de Luis Cepeda.
260 _aMadrid :
_b[s.n.],
_c1860 (
_fimprenta de Cristóbal González)
300 _a90 p. ;
_c20 cm.
500 _aEn port.: Representada por primera vez en el teatro de la Zarzuela, la noche del 1º de setiembre de 1860.
500 _aSolo la letra.
700 1 _aCepeda, Luis.
_9126414
852 _aES-MaACL
_jF-8586(9)
_z-- Enc. pasta española
_z-- Dedicatoria ms. del autor
_z-- Enc. en un vol. facticio formando parte de la col. facticia "Teatro español moderno", vol. 39
999 _c163596
_d163596